| 000 | 01013nam a22002897a 4500 | ||
|---|---|---|---|
| 001 | 1058 | ||
| 005 | 20230719135210.0 | ||
| 008 | 230719b cb ||||| |||| 00| 0 eng d | ||
| 020 |
_a0385308140 : _c$14.00 ($17.00 Can.) |
||
| 040 |
_aDLC _cDLC _dDLC _beng |
||
| 050 | 0 | 0 |
_aPZ7.N24 _bBp 1993 |
| 082 | 0 | 0 |
_a478 _220 |
| 100 | 1 | _aNaylor, Phyllis Reynolds. | |
| 245 | 1 | 4 |
_aThe boys start the war / _cPhyllis Reynolds Naylor. |
| 250 | _aFirst Scholastic printing, October 2006 | ||
| 260 |
_aNew York : _bScholastic, _c2006. |
||
| 300 |
_a133 pages ; _c20 cm. |
||
| 505 | _aR | ||
| 520 | _aDisgusted that a family with three girls moves into the house across the river, nine-year-old Wally and his three brothers declare a practical joke war on the girls. | ||
| 521 |
_a740
_bLexile |
||
| 521 |
_aR
_bRaz-Plus |
||
| 650 | 1 |
_aPractical jokes _vFiction. |
|
| 650 | 1 |
_aBrothers _vFiction. |
|
| 650 | 1 |
_aSisters _vFiction. |
|
| 906 |
_a7 _bcbc _corignew _d1 _eocip _f19 _gy-gencatlg |
||
| 942 |
_2ddc _cBK _n0 |
||
| 999 |
_c1058 _d1058 |
||